[Event "Bandarabbas Rapid"]
[Site "Bandarabbas"]
[Date "2016.01.29"]
[Round "8.2"]
[White "Bahadori, Abdollah"]
[Black "Asbahi, Mohammad"]
[Result "0-1"]
[WhiteElo "2006"]
[BlackElo "2036"]
[PlyCount "103"]
[EventDate "2015.12.30"]
[EventType "swiss (rapid)"]
[EventRounds "9"]
[EventCountry "IRI"]
[SourceTitle "EXT 2024"]
[Source "ChessBase"]
[SourceDate "2023.10.10"]
[SourceVersion "1"]
[SourceVersionDate "2023.10.10"]
[SourceQuality "1"]

1. d4 Nf6 2. c4 g6 3. Nc3 Bg7 4. e4 0-0 5. Nf3 d6 6. Be2 e5 7. dxe5 dxe5 8. Qxd8 Rxd8 9. Bg5 c6 10. 0-0 Re8 11. Rad1 Na6 12. Rd6 Be6 13. Rfd1 Nc5 14. Bxf6 Bxf6 15. b4 Na6 16. a3 Be7 17. R6d2 f6 18. c5 Nc7 19. Ne1 a5 20. Nc2 axb4 21. axb4 Na6 22. Rb1 Red8 23. Rxd8+ Rxd8 24. Bxa6 bxa6 25. Ra1 Rd3 26. Nd1 f5 27. exf5 gxf5 28. Kf1 Bb3 29. Nde3 f4 30. Ne1 fxe3 31. Nxd3 Bc4 32. Ke2 e4 33. Kxe3 exd3 34. f4 Bf6 35. Rc1 Bb5 36. Kd2 Kf7 37. Re1 Bd8 38. Ra1 Ke6 39. Re1+ Kf7 40. Ra1 h5 41. g3 Bf6 42. Rb1 Bd4 43. h3 Ke6 44. g4 hxg4 45. hxg4 Kf6 46. Rh1 a5 47. bxa5 Bxc5 48. a6 Bb4+ 49. Ke3 Bxa6 50. g5+ Kf5 51. Rb1 c5 52. Ra1 0-1

[Event "Bandarabbas Blitz"]
[Site "Bandarabbas"]
[Date "2016.01.29"]
[Round "4.3"]
[White "Bahadori, Abdollah"]
[Black "Khoshnam, Farhad"]
[Result "1-0"]
[WhiteElo "1971"]
[BlackElo "1917"]
[PlyCount "82"]
[EventDate "2015.12.31"]
[EventType "swiss (blitz)"]
[EventRounds "9"]
[EventCountry "IRI"]
[SourceTitle "EXT 2024"]
[Source "ChessBase"]
[SourceDate "2023.10.10"]
[SourceVersion "1"]
[SourceVersionDate "2023.10.10"]
[SourceQuality "1"]

1. d4 d5 2. c4 c6 3. Nc3 Nf6 4. Nf3 e6 5. Bg5 Nbd7 6. e3 Be7 7. Bd3 0-0 8. 0-0 dxc4 9. Bxc4 b5 10. Bd3 a6 11. Rc1 c5 12. Qe2 Bb7 13. Rfd1 Qb6 14. Ne5 Rfe8 15. Nxd7 Nxd7 16. Bxe7 Rxe7 17. Qh5 g6 18. Qg5 f6 19. Qh4 Kg7 20. dxc5 Nxc5 21. Bb1 Rd7 22. b4 Qc6 23. Qg3 Na4 24. Nxa4 Rxd1+ 25. Rxd1 bxa4 26. f3 e5 27. Be4 Qc7 28. Qg4 f5 29. Bxf5 Rd8 30. Rf1 Qb6 31. Re1 Rd2 32. a3 Bd5 33. Be4 Be6 34. Qh4 Qd6 35. f4 exf4 36. exf4 Qd4+ 37. Kh1 Rd1 38. h3 Bf7 39. Qg3 h5 40. f5 Rxe1+ 41. Qxe1 gxf5 1-0

[Event "Bandarabbas Rapid"]
[Site "Bandarabbas"]
[Date "2016.01.29"]
[Round "2.4"]
[White "Bahadori, Abdollah"]
[Black "Manoochehri, Monoochehr"]
[Result "1-0"]
[WhiteElo "2006"]
[BlackElo "1601"]
[PlyCount "127"]
[EventDate "2015.12.30"]
[EventType "swiss (rapid)"]
[EventRounds "9"]
[EventCountry "IRI"]
[SourceTitle "EXT 2024"]
[Source "ChessBase"]
[SourceDate "2023.10.10"]
[SourceVersion "1"]
[SourceVersionDate "2023.10.10"]
[SourceQuality "1"]

1. d4 d5 2. c4 dxc4 3. Nf3 Nf6 4. Nc3 e6 5. Bg5 Be7 6. e3 0-0 7. Bxc4 b6 8. 0-0 Bb7 9. Be2 Ne4 10. Bxe7 Qxe7 11. Rc1 Nxc3 12. Rxc3 Nc6 13. Qc1 Qd6 14. Nd2 Rac8 15. Bf3 Nd8 16. Nc4 Qe7 17. Bxb7 Nxb7 18. Ne5 c5 19. h3 f6 20. Nf3 e5 21. dxe5 fxe5 22. Qc2 e4 23. Nd2 Rce8 24. Qb3+ Kh8 25. Qa4 Nd6 26. Qc6 Rf6 27. Qa4 Ref8 28. Ra3 R6f7 29. Qc6 Rf6 30. Ra4 Rc8 31. Qd5 Rf5 32. Qb3 b5 33. Ra6 c4 34. Qa3 Rd5 35. Rxa7 Qe5 36. Ra8 Rxa8 37. Qxa8+ Ne8 38. Nb1 h6 39. Nc3 Rd2 40. Rb1 Kh7 41. Nxe4 Rc2 42. Nc3 Nd6 43. Qd5 Qf6 44. Ne4 Nxe4 45. Qxe4+ Qg6 46. Qe5 Rxf2 47. Kxf2 Qxb1 48. Qxb5 Qxa2 49. Kf3 Qa8+ 50. e4 Qa2 51. h4 Qb3+ 52. Qxb3 cxb3 53. Kf4 Kg6 54. g4 Kf6 55. h5 Ke6 56. e5 Ke7 57. Kf5 Kf7 58. e6+ Ke7 59. Ke5 Ke8 60. Kd6 Kd8 61. e7+ Ke8 62. Ke6 g5 63. hxg6 h5 64. g7 1-0

[Event "Bandarabbas Rapid"]
[Site "Bandarabbas"]
[Date "2016.01.29"]
[Round "3.4"]
[White "Nazeri, Jafar"]
[Black "Bahadori, Abdollah"]
[Result "0-1"]
[WhiteElo "1741"]
[BlackElo "2006"]
[PlyCount "132"]
[EventDate "2015.12.30"]
[EventType "swiss (rapid)"]
[EventRounds "9"]
[EventCountry "IRI"]
[SourceTitle "EXT 2024"]
[Source "ChessBase"]
[SourceDate "2023.10.10"]
[SourceVersion "1"]
[SourceVersionDate "2023.10.10"]
[SourceQuality "1"]

1. Nf3 d5 2. c4 c6 3. g3 Nf6 4. Bg2 e6 5. 0-0 Be7 6. b3 Nbd7 7. Bb2 0-0 8. Nc3 b6 9. Rc1 Bb7 10. e3 Rc8 11. d3 h6 12. Qe2 Re8 13. d4 Bd6 14. cxd5 exd5 15. Qd2 Qe7 16. Nh4 Qe6 17. a3 g6 18. Rfe1 g5 19. Nf3 Ne4 20. Nxe4 dxe4 21. d5 Qxd5 22. Qc3 Ne5 23. Nd2 Qd3 24. Bxe4 Qxc3 25. Rxc3 Nd7 26. Bf5 Nc5 27. Bxc8 Rxc8 28. b4 Na4 29. Rd3 Bf8 30. Ba1 c5 31. Rd7 Rb8 32. Nc4 b5 33. Ne5 c4 34. Nxf7 c3 35. Rc7 Bd5 36. Nxg5 hxg5 37. Rxa7 Rc8 38. Rc1 Be4 39. Rd7 c2 40. Rd4 Bg6 41. Rd5 Kh7 42. Rxg5 Rd8 43. Kg2 Rd1 44. Rxc2 Bxc2 45. Rxb5 Rxa1 46. Rb7+ Bg7 47. Rc7 Be4+ 48. Kh3 Rxa3 49. Kg4 Bg6 50. h4 Nb6 51. h5 Be8 52. Re7 Ra8 53. e4 Nc4 54. f4 Ba4 55. f5 Bd1+ 56. Kf4 Kg8 57. Kg5 Ra6 58. h6 Bf6+ 59. Kf4 Bxe7 60. e5 Rxh6 61. f6 Bxb4 62. g4 Rh4 63. Kf5 Kf8 64. e6 Rxg4 65. e7+ Bxe7 66. fxe7+ Kf7 0-1

[Event "Bandarabbas Rapid"]
[Site "Bandarabbas"]
[Date "2016.01.29"]
[Round "5.1"]
[White "Toufighi, Homayoon"]
[Black "Bahadori, Abdollah"]
[Result "1-0"]
[WhiteElo "2464"]
[BlackElo "2006"]
[PlyCount "79"]
[EventDate "2015.12.30"]
[EventType "swiss (rapid)"]
[EventRounds "9"]
[EventCountry "IRI"]
[SourceTitle "EXT 2024"]
[Source "ChessBase"]
[SourceDate "2023.10.10"]
[SourceVersion "1"]
[SourceVersionDate "2023.10.10"]
[SourceQuality "1"]

1. e4 e6 2. d4 d5 3. Nd2 c5 4. exd5 Qxd5 5. dxc5 Bxc5 6. Ngf3 Nf6 7. Bc4 Qd6 8. 0-0 0-0 9. Qe2 Nc6 10. Nb3 Bb6 11. Bg5 e5 12. Rad1 Qe7 13. Rfe1 Bc7 14. h3 Bf5 15. Nh4 Be6 16. Bxe6 fxe6 17. c3 a6 18. Nf3 h6 19. Bxf6 gxf6 20. Qc4 Bb6 21. h4 Rac8 22. Qe2 Qg7 23. Rd6 Rfe8 24. Red1 Re7 25. Kf1 Kh8 26. h5 Rg8 27. Nh4 Qg5 28. Ng6+ Rxg6 29. hxg6 Qxg6 30. Rd7 Qg5 31. Rxe7 Nxe7 32. g3 Qf5 33. Kg2 Ng6 34. Qf3 Qg5 35. Qxb7 Nf4+ 36. Kf1 Qg4 37. Qc8+ Kg7 38. Rd7+ Kg6 39. Qg8+ Kf5 40. Qxg4+ 1-0

[Event "Bandarabbas Blitz"]
[Site "Bandarabbas"]
[Date "2016.01.29"]
[Round "3.3"]
[White "Zahedi, Mehdi"]
[Black "Bahadori, Abdollah"]
[Result "0-1"]
[WhiteElo "1768"]
[BlackElo "1971"]
[PlyCount "89"]
[EventDate "2015.12.31"]
[EventType "swiss (blitz)"]
[EventRounds "9"]
[EventCountry "IRI"]
[SourceTitle "EXT 2024"]
[Source "ChessBase"]
[SourceDate "2023.10.10"]
[SourceVersion "1"]
[SourceVersionDate "2023.10.10"]
[SourceQuality "1"]

1. c4 Nf6 2. d4 d5 3. e3 c6 4. Nf3 e6 5. Nc3 Nbd7 6. Bd3 dxc4 7. Bxc4 b5 8. Bd3 a6 9. 0-0 Be7 10. a3 Bb7 11. b3 c5 12. Bb2 0-0 13. Rc1 Rc8 14. dxc5 Nxc5 15. Be2 Qxd1 16. Rfxd1 Nxb3 17. Rb1 Na5 18. Ne5 Rfd8 19. h3 Bxa3 20. Rxd8+ Rxd8 21. Bxa3 Rd2 22. Rd1 Rxd1+ 23. Bxd1 Nd5 24. Nxd5 Bxd5 25. Bf3 Bxf3 26. Nxf3 Nc6 27. Nd4 Ne5 28. f4 Nc4 29. Bc1 b4 30. Kf2 f6 31. Ke2 e5 32. fxe5 fxe5 33. Nb3 e4 34. Nc5 a5 35. Nxe4 b3 36. Nc3 b2 37. Bd2 a4 38. Kd3 a3 39. Kc2 Nxd2 40. Kxd2 a2 41. Nxa2 b1Q 42. Nc3 Qb2+ 43. Kd3 Qxg2 44. h4 Qg6+ 45. Ne4 0-1